000 01224naa a22003257a 4500
001 BR9301619
003 BR-BrBNA
005 20240918181014.0
007 ta
008 230509b bl.||||| |||| 00| 0 por d
040 _aBR-BrBNA
_bpor
_cBiblioteca Nacional de Agricultura
041 _a(Pt)
072 _aF61
_b0336
090 _aF61 BR9301619
100 1 _aTanaka, R.T.
100 1 _aMascarenhas, H.A.A.
100 1 _aBorkert, C.M.
111 1 _aSimposio sobre a Cultura da Soja nos Cerrados
_cUberaba, MG (Brazil)
_d16-20 Mar 1992
245 1 _aNutricao mineral da soja
260 3 _aPiracicaba, SP (Brasil):
_c1993.
500 _aArantes, E.N.; Souza, P.I. de M. de(eds.) A cultura da soja nos cerrados Piracicaba, SP (Brasil): 1993. p. 105-136 (BR9301619-AM)F61
650 _aSoja
650 _aNutricao Mineral
650 _aVariedade
650 _aDeficiencia Mineral
650 _aAnalise Foliar
773 0 _tA cultura da soja nos cerrados
_aArantes, E.N.; Souza, P.I. de M. de(eds.). Associacao Brasileira para Pesquisa da Potassa e do Fosfato, Piracicaba, SP (Brasil)
_wF61 BR9301619
_gPiracicaba, SP (Brasil), 1993. p. 105-136
909 _a202404
_bLucia
_c55
_dLucia Elande
942 _cAM
_2AGRIS
999 _c323141
_d323141